Statistics for Guess the Country #6

Click here to take the quiz!

General Stats

  • This quiz has been taken 65 times
  • The average score is 9 of 10

Answer Stats

LettersHintAnswer% Correct
I2nd most populous country in the worldIndia
98%
BCapital of this county is SofiaBulgaria
97%
OCountry east of YemenOman
95%
UCountry south of the southernmost tip of BrazilUruguay
95%
ECountry across the Gulf of Finland from FinlandEstonia
93%
MOnly country in the world that has wild lemursMadagascar
93%
QPeninsula country on the Arabian PeninsulaQatar
91%
ZCapital of this country is LusakaZambia
91%
ACountry west of GreeceAlbania
90%
MAlso known as BurmaMyanmar
88%

Score Distribution

Percentile by Number Answered

Percent of People with Each Score

Your Score History

You have not taken this quiz